000 00686nam a2200217 i 4500
001 110604
003 ES-MaACL
005 20230906185112.0
007 t|
008 070206s1923 sp ||||1| spa d
080 _a821.134.2-32"19"
100 1 _aRamírez Angel, Emiliano.
_995120
245 1 3 _aLa pérfida Italia
_b: novela inédita /
_cpor E. Ramírez Angel ; (ilustraciones de Esplandiu).
260 _a[Madrid :
_bLa Novela Corta,
_c1923]
300 _a[32] p. :
_bil. ;
_c20 cm.
490 1 _aLa novela corta ;
_v414
700 1 _aEsplandiu, Juan.
_947932
830 0 _aLa novela corta ;
_v414
_9182142
852 _aES-MaACL
_j2213-F-18
_bR.138626
999 _c110604
_d110604